000 00611nam a2200205 a 4500
003 PILC
005 20160130101300.0
008 101012s19uu xx 00 eng d
020 _a9780791093887
050 _aBF 1001
_b.Au88 2008
100 _aAustin, Joanne P.
245 _aMysteries, legends and unexplained phenomena :
_bESP, psychokinesis and psychics /
260 _aNew York :
_bChelsea House,
_c2008.
300 _a144 pages :
_bcolor illustrations ;
_c24 cm.
650 _aParapsychology.
650 _aExtrasensory perception
650 _aPsychics.
942 _cBK
_2lcc
_kFOR
999 _c24194
_d24194